000 01762nam a2200397 c 4500
999 _c75129
_d75129
003 BLK
005 20250208103424.0
008 180408b bul|||||r ||||||| ||bul||
010 _aKNG00079540000
020 _a978-954-431-572-6
040 _aBLK
041 _aBUL
_cBUL
072 7 _2bullib
_aН85
_xДетска художествена литература Н
080 _aФренска литература
_b821.133.1
_x-93-34
_z821.133.1-93-34
139 _aПепеляшка
_bП 36
245 1 0 _aПепеляшка
_cадапт. по Шарл Перо; адапт. Галина Йорданова Златарева; * Галина Златина; худож. Галин Николаев Георгиев; худож. Светлана Ангелова Князева.
257 _aFRA
260 _bЗлатното пате
_c2011
_fСофия : Образование и наука
300 _a10 с.
_bс цв. ил.
_c23x25 см
380 _aDX
490 1 _aСтъпка по стъпка
500 _aКор. опис. - Галина Златина - псевд. на Галина Йорданова Златарева.
659 _aН
700 1 _aПеро, Шарл
_eадапт. по
_9363365
700 _aЗлатарева, Галина Йорданова
_d1954
_9363759
700 _aГеоргиев, Галин Николаев
_9368580
700 1 _aКнязева, Светлана Ангелова
_eхудож.
_9367584
700 _aЗлатарева, Галина Йорданова
_d1954
_9363759
852 _aЦб 253291
856 4 _qpdf
856 4 _qpdf
942 _cKNG
_n0
_s1
_05
944 _aCR
_c25.10.2011
_k30537
_lГрета Цуфелде
944 _aED
_c05.04.2012
999 _d75129